00921nam a22002537a 450000500170000000800410001702000180005804000070007604100120008308200170009510000260011224500200013826000580015830000280021636500570024465000520030165000390035365000260039265000310041865000450044994200120049499900190050695201420052520260325113002.0260324b |||||||| |||| 00| 0 eng d a9789389239010 cAL aEnglish a005.41bKANC aA Nagoor Kani9259268 aControl Systems aNew DelhibCBS Publishers& Distributors Pvt Ltdc2024 axvi,528p.bPBc24x17cm. aVBI-2645b₹446.25c₹d₹595.00e25%f20-02-2026 aFor Anna University EEE/E&I/ICE Courses9259200 aSystems and Representation9259269 aTime Response9259201 aFrequency Response9259202 aStability and Compensator Design9259203 2ddccBK c241050d241050 00102ddc40708ECE aSEbSEd2026-03-24eVidyarthi Booksg446.25l0o005.41 KANCpSE000332r2026-03-24 16:36:51v595.00w2026-02-20yBK